Comparative study of government and non government sports academies of Haryana (Record no. 393540)

MARC details
000 -LEADER
fixed length control field 00536nam a22001817a 4500
005 - DATE & TIME
control field 20250924163314.0
008 - FIXED-LENGTH DATA ELEMENTS--GENERAL INFORMATION
fixed length control field 250924b |||||||| |||| 00| 0 eng d
040 ## - CATALOGING SOURCE
Original cataloging agency VIVEKANANDA LIBRARY
082 ## - DDC NUMBER
Classification number 796.01
Book Number R258C
100 ## - MAIN ENTRY--PERSONAL NAME
Personal name Reena
245 ## - TITLE STATEMENT
Title Comparative study of government and non government sports academies of Haryana
260 ## - PUBLICATION, DISTRIBUTION, ETC. (IMPRINT)
Name of publisher, distributor, etc Department of Physical Education, M D University, Rohtak
Date of publication, distribution, etc 2024
300 ## - PHYSICAL DESCRIPTION
Pages viii, 163
650 ## - Subject
Subject Physical Education
650 ## - Subject
Subject Sports Academies
700 ## - Added Entry Personal Name
Added Entry Personal Name Rathee, Bhagat Singh
942 ## - ADDED ENTRY ELEMENTS (KOHA)
Koha item type Thesis
Holdings
Withdrawn status Lost status Source of classification or shelving scheme Damaged status Not for loan Location (home branch) Sublocation or collection (holding branch) Shelving location Date acquired Koha issues (times borrowed) Koha full call number Accession No. Koha date last seen Copy number Koha item type
    Dewey Decimal Classification     VIVEKANANDA LIBRARY VIVEKANANDA LIBRARY Vivekananda Library 24/09/2025   796.01 R258C 411159 24/09/2025 R Thesis
© Designed and Maintained by Vivekananda Library, MDU Rohtak